Seminario Salud mental en la República Dominicana y alternativas de tratamiento / (Registro nro. 13115)
[ vista simple ]
| 000 -CABECERA | |
|---|---|
| campo de control de longitud fija | 00897nam a2200217 a 4500 |
| 001 - NÚMERO DE CONTROL | |
| campo de control | 000013491 |
| 005 - FECHA Y HORA DE LA ÚLTIMA TRANSACCIÓN | |
| campo de control | 20200929163239.0 |
| 008 - DATOS DE LONGITUD FIJA--INFORMACIÓN GENERAL | |
| campo de control de longitud fija | 091125s1997 dr a 000 0 spa d |
| 040 ## - FUENTE DE LA CATALOGACIÓN | |
| Centro catalogador/agencia de origen | DO-SdBNP |
| Lengua de catalogación | spa |
| Centro/agencia transcriptor | BNPHU |
| 082 ## - NÚMERO DE LA CLASIFICACIÓN DECIMAL DEWEY | |
| Número de clasificación | xxx |
| Número de documento/Ítem | S471s |
| 049 ## - FONDOS LOCALES (OCLC) | |
| Fondos de biblioteca | BNPD |
| 111 2# - ENTRADA PRINCIPAL--NOMBRE DE CONGRESO/REUNIÓN | |
| Nombre de congreso/reunión o jurisdicción como elemento de entrada | Seminario Salud mental en la República Dominicana y alternativas de tratamiento |
| Fecha del congreso/reunión | (19995 nov. 17-18-19 : |
| Sede del congreso/Lugar de la reunión | Santo Domingo) |
| 9 (RLIN) | 30820 |
| 245 10 - MENCIÓN DE TÍTULO | |
| Título | Seminario Salud mental en la República Dominicana y alternativas de tratamiento / |
| Mención de responsabilidad, etc. | Rose E. Nina... [et al.]; editores Pedro Acosta, Carles Roersch, Elupina Tirado. |
| 260 ## - PUBLICACIÓN, DISTRIBUCIÓN, ETC. | |
| Lugar de publicación, distribución, etc. | Santo Domingo : |
| Nombre del editor, distribuidor, etc. | Instituto de Medicina Dominicana, |
| Fecha de publicación, distribución, etc. | 1997. |
| 300 ## - DESCRIPCIÓN FÍSICA | |
| Extensión | 113 p. : |
| Otras características físicas | il. ; |
| Dimensiones | 21 cm. |
| 500 ## - NOTA GENERAL | |
| Nota general | Incluye notas al pie de páginas |
| 700 1# - PUNTO DE ACCESO ADICIONAL--NOMBRE DE PERSONA | |
| Nombre de persona | Nina, Rose E. |
| 9 (RLIN) | 30821 |
| 700 1# - PUNTO DE ACCESO ADICIONAL--NOMBRE DE PERSONA | |
| Nombre de persona | Acosta, Pedro |
| Término indicativo de función/relación | ed. |
| 9 (RLIN) | 463 |
| 700 1# - PUNTO DE ACCESO ADICIONAL--NOMBRE DE PERSONA | |
| Nombre de persona | Roersch, Carles |
| Término indicativo de función/relación | ed. |
| 9 (RLIN) | 30822 |
| 700 1# - PUNTO DE ACCESO ADICIONAL--NOMBRE DE PERSONA | |
| Nombre de persona | Tirado, Elupina |
| Término indicativo de función/relación | ed. |
| 9 (RLIN) | 30823 |
| Estado de retiro | Estado de pérdida | No para préstamo | Código de colección | Localización permanente | Ubicación/localización actual | Ubicación en estantería | Fecha de adquisición | Número de inventario | Total de préstamos | Signatura topográfica completa | Código de barras | Fecha visto por última vez | Precio válido a partir de | Tipo de ítem Koha | Número de copia |
|---|---|---|---|---|---|---|---|---|---|---|---|---|---|---|---|
| Excluido de préstamo | Patrimonio Dominicano | Patrimonio Dominicano | Patrimonio Dominicano | Depósito | 26.03.2010 | LF1 | xxx S471s | 13491-10 | 25.06.2020 | 25.06.2020 | Libro y Folleto Colección Patrimonio Dominicano | ||||
| Excluido de préstamo | Patrimonio Dominicano | Patrimonio Dominicano | Patrimonio Dominicano | En catalogación | 21.07.2010 | LF1 | xxx S471s | 13491-20 | 25.06.2020 | 25.06.2020 | Libro y Folleto Colección Patrimonio Dominicano | e. 2 |
